| 000 | 00833cam a22002531 4500 | ||
|---|---|---|---|
| 001 | agr45000147 | ||
| 003 | DLC | ||
| 005 | 20260227111003.0 | ||
| 008 | 750703s1945 idua b 000 0 eng c | ||
| 010 | _aagr45000147 | ||
| 035 | _a(OCoLC)1428409 | ||
| 040 |
_aU.S. Dept of Agr. Library _cFO _dOCoLC _dDLC |
||
| 042 | _apremarc | ||
| 050 | 0 | 0 |
_aSF293.M9 _bW9 |
| 082 | _a636.168 | ||
| 100 | 1 |
_aWyman, Walker Demarquis, _d1907- |
|
| 245 | 1 | 4 |
_aThe wild horse of the West, _cby Walker D. Wyman. Illustrated by Harold Bryant. |
| 260 |
_aCaldwell, Id., _bThe Caxton Printers, ltd., _c1945. |
||
| 300 |
_a348 p. _bcol. front., illus. _c24 cm. |
||
| 500 | _aMap on lining-paper. | ||
| 504 | _aBibliography: p. [229]-342. "Footnotes" (bibliographical) at end of each chapter. | ||
| 650 | 0 | _aHorses. | |
| 700 | 1 |
_aBryant, Harold, _eillus. |
|
| 999 |
_c10376 _d10376 |
||